Normal view
MARC view
- Malaysia.
Entry Corporate Name
001 - CONTROL NUMBER
- control field: 2411
003 - CONTROL NUMBER IDENTIFIER
- control field: OSt
005 - DATE AND TIME OF LATEST TRANSACTION
- control field: 20170508152704.0
008 - FIXED-LENGTH DATA ELEMENTS
- fixed length control field: 170508|| aca||aabn | a|a d
040 ## - CATALOGING SOURCE
- Original cataloging agency: OSt
- Transcribing agency: OSt
110 ## - HEADING--CORPORATE NAME
- Corporate name or jurisdiction name as entry element: Malaysia.
- Title of a work: Akta Dadah Berbahaya, 1952 (Akta 234) & Peraturan-peraturan terpilih
670 ## - SOURCE DATA FOUND
- Source citation: Work cat.: (OSt)0: Malaysia 400, Undang-Undang Dadah Berbahaya :, 2005

PORTAL AKMAL
E-MEL JKDM
AKMAL2U
G-BAM
u-PUSTAKA